[Event "RUS-ch Silent"]
[Site "Zelenograd"]
[Date "2015.06.03"]
[Round "2"]
[White "Zaytsev, Yuri Nikolaevich"]
[Black "Grashin, Mikhail"]
[Result "1-0"]
[WhiteElo "2052"]
[BlackElo "1547"]
[PlyCount "75"]
[EventDate "2015.06.02"]
[EventType "swiss"]
[EventRounds "11"]
[EventCountry "RUS"]
[SourceTitle "EXT 2018"]
[Source "ChessBase"]
[SourceDate "2017.10.13"]
[SourceVersion "1"]
[SourceVersionDate "2017.10.13"]
[SourceQuality "1"]

1. d4 d5 2. c4 dxc4 3. Nc3 e6 4. Nf3 Nc6 5. a3 a6 6. Qa4 b5 7. Nxb5 Bd7 8. Nc3 Nxd4 9. Qd1 Nb3 10. Rb1 Bc6 11. e3 Qxd1+ 12. Kxd1 Bxf3+ 13. gxf3 Nf6 14. Bxc4 Na5 15. Ba2 Bd6 16. Ke2 0-0 17. b4 Nc6 18. Bb2 Ne7 19. Rbd1 Rfd8 20. h3 c6 21. Bc4 Nfd5 22. Ne4 h6 23. Rhg1 Ng6 24. h4 h5 25. Rg5 Be7 26. Rgg1 Bxh4 27. f4 Be7 28. f5 exf5 29. Ng3 f4 30. Nxh5 Bf6 31. Bxf6 Nc3+ 32. Bxc3 Rxd1 33. Kxd1 fxe3 34. Rxg6 Kh7 35. Rxg7+ Kh6 36. Ng3 exf2 37. Nf5+ Kh5 38. Bxf7# 1-0

[Event "RUS-ch Silent"]
[Site "Zelenograd"]
[Date "2015.06.02"]
[Round "1"]
[White "Antipin, Alexander"]
[Black "Zaytsev, Yuri Nikolaevich"]
[Result "0-1"]
[WhiteElo "1863"]
[BlackElo "2052"]
[PlyCount "98"]
[EventDate "2015.06.02"]
[EventType "swiss"]
[EventRounds "11"]
[EventCountry "RUS"]
[SourceTitle "EXT 2018"]
[Source "ChessBase"]
[SourceDate "2017.10.13"]
[SourceVersion "1"]
[SourceVersionDate "2017.10.13"]
[SourceQuality "1"]

1. e4 c6 2. d4 d5 3. exd5 cxd5 4. Nf3 Bg4 5. Bb5+ Nc6 6. Qd3 Bxf3 7. Bxc6+ bxc6 8. Qxf3 Nf6 9. 0-0 Qb6 10. c3 e6 11. b3 a5 12. Be3 Ne4 13. Qg4 g6 14. f3 h5 15. Qh3 Nd6 16. Nd2 Bg7 17. f4 Nf5 18. Rae1 Rc8 19. Nf3 Nxe3 20. Rxe3 c5 21. f5 cxd4 22. cxd4 gxf5 23. Qxf5 Rf8 24. Kh1 Qd6 25. Rfe1 Kd7 26. Qxh5 Qf4 27. Ne5+ Bxe5 28. Qxe5 Qxe5 29. Rxe5 Rg8 30. g3 Rg4 31. Rf1 Ke7 32. Rf4 Rxf4 33. gxf4 Rc2 34. f5 Rxa2 35. fxe6 fxe6 36. Rh5 Rd2 37. Rh7+ Kf6 38. Ra7 Rxd4 39. Rxa5 Rb4 40. Ra3 Kf5 41. Kg2 e5 42. Kf2 Rh4 43. Kg3 Rg4+ 44. Kf3 e4+ 45. Kf2 Rf4+ 46. Kg3 Rf3+ 47. Kg2 Rd3 48. Kf2 Kf4 49. Ke2 Rh3 0-1

[Event "RUS-ch Silent"]
[Site "Zelenograd "]
[Date "2014.09.19"]
[Round "1"]
[White "Petrenko, Mikhail"]
[Black "Zaytsev, Yuri Nikolaevich"]
[Result "0-1"]
[WhiteElo "1798"]
[BlackElo "2076"]
[PlyCount "82"]
[EventDate "2014.09.19"]
[EventType "swiss"]
[EventRounds "11"]
[EventCountry "RUS"]
[SourceTitle "EXT 2015"]
[Source "ChessBase"]
[SourceDate "2014.11.20"]
[SourceVersion "1"]
[SourceVersionDate "2014.11.20"]
[SourceQuality "1"]

1. e4 c6 2. Nc3 d5 3. exd5 cxd5 4. d3 Nc6 5. Nf3 g6 6. g3 Bg7 7. Bd2 Nf6 8. Bg2 0-0 9. 0-0 e5 10. Re1 Re8 11. Qc1 a6 12. Bg5 Qd6 13. Nd2 Be6 14. Nb3 Nd7 15. f4 f6 16. fxe5 fxe5 17. Qe3 Rac8 18. Bh6 Ne7 19. Bxg7 Kxg7 20. Qd2 Nf6 21. Rf1 Rf8 22. Rae1 b5 23. a3 Rcd8 24. Qe2 Nc6 25. Nd1 Rde8 26. c3 Bc8 27. Nf2 h5 28. Nh3 Bf5 29. Ng5 Nd8 30. Qd2 Nf7 31. Nxf7 Rxf7 32. Nc1 Nd7 33. Ne2 d4 34. cxd4 exd4 35. Nf4 Rfe7 36. Rxe7+ Rxe7 37. Re1 Nc5 38. Kf2 Rxe1 39. Kxe1 Qe5+ 40. Kd1 Bg4+ 41. Kc1 Nb3+ 0-1

[Event "WchT Silent"]
[Site "Opatija"]
[Date "2014.06.23"]
[Round "5.6"]
[White "Zaytsev, Yuri Nikolaevich"]
[Black "Redzepi, Halit"]
[Result "1/2-1/2"]
[WhiteElo "2088"]
[BlackElo "1953"]
[PlyCount "20"]
[EventDate "2014.06.19"]
[EventType "team-swiss"]
[EventRounds "9"]
[EventCountry "CRO"]
[SourceTitle "CBM 161 Extra"]
[Source "ChessBase"]
[SourceDate "2014.08.29"]
[SourceVersion "1"]
[SourceVersionDate "2014.08.29"]
[SourceQuality "1"]
[WhiteTeam "Russia"]
[BlackTeam "Switzerland"]
[WhiteTeamCountry "RUS"]
[BlackTeamCountry "SUI"]

1. e4 c5 2. Nf3 d6 3. d4 cxd4 4. Nxd4 a6 5. Nc3 Nf6 6. Be2 e6 7. 0-0 Be7 8. Be3 0-0 9. Qd2 Qc7 10. Rad1 b5 1/2-1/2